| 000 | 00560nam a2200181Ia 4500 | ||
|---|---|---|---|
| 005 | 20250508163308.0 | ||
| 008 | 008 250505s9999 xx 000 0 eng d | ||
| 037 | _aBooks to be hide in OPAC | ||
| 040 |
_aFEDL _beng _cFEDL |
||
| 041 |
_aeng _2eng |
||
| 084 |
_a370.19346, IIP/O _qFEDL |
||
| 245 | 0 | _aWasted asset: A survey of rural youth in two Indian districts | |
| 245 | 0 | _cUNICEF | |
| 260 |
_aNew Delhi, India _bThe Indian Institute of Public Opinion |
||
| 300 | _a173p | ||
| 942 |
_cHB _h370.19346, IIP/O |
||
| 999 |
_c1382129 _d1382129 |
||